[Event "IECC O-4576"]
[Site "IECC email"]
[Date "2017.08.11"]
[Round "?"]
[White "Khan, Shams Pehlwan"]
[Black "Keiper, Archie"]
[Result "1-0"]
[WhiteElo "1784"]
[BlackElo "1685"]
[PlyCount "59"]
[EventDate "2017.??.??"]
[EventType "swiss (corr)"]
[EventRounds "2"]
[SourceTitle "Corr 2020"]
[Source "ChessBase"]
[SourceDate "2019.09.30"]
[SourceVersion "1"]
[SourceVersionDate "2019.09.30"]
[SourceQuality "1"]
[WhiteTeam "India"]
[BlackTeam "United States"]
[WhiteTeamCountry "IND"]
[BlackTeamCountry "USA"]

1. e4 e5 2. f4 c6 3. Nf3 d5 4. Nxe5 Nd7 5. exd5 Nxe5 6. Qe2 Ne7 7. Qxe5 Qxd5 8. d3 Qxe5+ 9. fxe5 Nd5 10. Nc3 Nxc3 11. bxc3 Be7 12. d4 0-0 13. Bd3 Be6 14. 0-0 f6 15. Re1 Rae8 16. Rb1 b6 17. exf6 Bxf6 18. Ba3 c5 19. Bb5 Bxa2 20. Rxe8 Rxe8 21. Ra1 Bf7 22. Bxe8 Bxe8 23. Re1 Bg6 24. dxc5 bxc5 25. Bxc5 Bxc3 26. Re3 Bf6 27. c3 a5 28. Be7 a4 29. Bxf6 gxf6 30. Re7 1-0